000 00977nam a2200217Ia 4500
003 Ost
005 20260507075640.0
008 260507s9999||||xx |||||||||||||| ||und||
040 _cfsecg
041 _aara
082 _a658.503
100 _aمحمد البكرى، سونيا
_eمؤلف
245 0 _aالتخطيط ومراقبة الإنتاج /
_c سونيا محمد البكرى
260 _aالاسكندرية:
_bالدار الجامعية,
_c(د.ت)
300 _a420 صفحة؛
_bإيضاحات ؛
_c24 سم
504 _aالمراجع ص.417
520 _aتخطيط الطاقة الانتاجية،التنبؤ،التخطيط الاجمالي،جدول الانتاج الرئيسي،جدولة العمليات،تخطيط أنشطةالصيانة للتسهيلات الانتاجية،الانتاجية،الوقت المحدد لادارة الجودة الكلية
653 _aالانتاج
653 _aالتخطيط
942 _cكتاب
999 _c45380
_d45380